Statistics for They Shoot Pictures, Don't They? - films 241 to 260

Click here to take the quiz!

General Stats

  • This quiz has been taken 30 times
  • The average score is 7 of 20

Answer Stats

Answer% Correct
Schindler's List
92%
Parasite
71%
The Thin Red Line
63%
Eternal Sunshine of the Spotless Mind
58%
Three Colours: Blue
42%
Belle de jour
38%
Meet Me in St. Louis
38%
The Best Years of our Lives
33%
Ivan the Terrible, Part 1
29%
Performance
29%
Diary of a Country Priest
25%
Hidden
25%
The Band Wagon
25%
Daughters of the Dust
21%
Red River
21%
In a Lonely Place
17%
Kinds Hearts and Coronets
17%
Memories of Underdevelopment
17%
Tabu
17%
The House Is Black
17%

Score Distribution

Percentile by Number Answered

Percent of People with Each Score

Your Score History

You have not taken this quiz